Statystyki dla Najpopularniejsze utwory ReTo [14.02.2023]

Kliknij tutaj aby rozwiązać quiz!

Ogólne statystyki

  • Ten quiz został rozwiązany 370 razy
    (170 od ostatniego zresetowania)
  • Średni wynik to 11 z 20

Statystyki odpowiedzi

OdtworzeniaFeatyNazwa% Poprawnych
34,6 mln-UA
89%
24,4 mln-Papierosy
87%
27,3 mlnAviBMW
85%
50,4 mln-Billy Kid
80%
23,1 mlnQuebonafideSorry Dolores
78%
10,6 mln-Bossman
76%
14,3 mln-RS7
65%
12,6 mlnQryStary dobry ja
65%
22,3 mln-Blask
56%
5,8 mln-Minotaur
56%
7,1 mln-Klej
52%
11,1 mln-Paw
48%
5 mlnZetHa, Kronkel DomLoca
42%
4,4 mlnZetHaBon appetit
39%
10,8 mln-Bourbon
34%
9 mln-Jeździec
32%
5,5 mln-Kingda Ka
27%
6,5 mln-Piotruś Pan
26%
4,7 mlnBorixonAvemariah
23%
5,7 mlnBorixonDeadphone
14%

Rozkład punktacji

Percentyl według liczby udzielonych odpowiedzi

Procent ludzi z każdym wynikiem

Twoja historia wyników

Nie rozwiązałeś tego quizu od ostatniego zresetowania